Postavenie EÚ vo svetovom obchode bakalárska práca

Gespeichert in:
Bibliographische Detailangaben
1. Verfasser: Rybárová, Andrea
Körperschaft: Fakulta medzinárodných vzťahov EU. Katedra medzinárodných ekonomických vzťahov a hospodárskej diplomacie
Weitere Verfasser: Lipková, Beata
Format: Buch
Sprache:Slowakisch
Veröffentlicht: Bratislava 2014
Tags: Tag hinzufügen
Keine Tags, Fügen Sie das erste Tag hinzu!

MARC

LEADER 00000nbm a2200000 4500
001 0187719
005 20170201090813.0
041 0 |a slo 
044 |a SK 
245 1 0 |a Postavenie EÚ vo svetovom obchode  |b bakalárska práca  |c Andrea Rybárová ; školiteľ: Beata Lipková 
264 1 |a Bratislava  |c 2014 
300 |a 62 s. 
100 1 |a Rybárová, Andrea 
700 1 |a Lipková, Beata 
710 2 |a Fakulta medzinárodných vzťahov EU. Katedra medzinárodných ekonomických vzťahov a hospodárskej diplomacie